000 003030000a22001090004500
090 _aAR
_b04423
245 1 0 _aCattleyas Unifoliadas
_sparte I: Colombia, Ecuador y Costa Rica
041 0 _aEspañol
100 1 _aOspina H., Mariano
_910696
942 _cARTICULO
773 1 _tOrquidiología
_q94-110 p.
_d1969
_g4
999 _c13521
_d13521